ARRUPE JESUIT UNIVERSITY

CORONAVIRUS -STOP THE SPREAD - CLEAN,DISINFECT,COVER

Pope Francis : (Record no. 121606)

MARC details
000 -LEADER
fixed length control field 00881cam a22002775i 4500
001 - CONTROL NUMBER
control field 18262586
003 - CONTROL NUMBER IDENTIFIER
control field ARRUPE
005 - DATE AND TIME OF LATEST TRANSACTION
control field 20150303020007.0
008 - FIXED-LENGTH DATA ELEMENTS--GENERAL INFORMATION
fixed length control field 140811s2014 ilu 000 0 eng
010 ## - LIBRARY OF CONGRESS CONTROL NUMBER
LC control number 2014948226
020 ## - INTERNATIONAL STANDARD BOOK NUMBER
International Standard Book Number 9780829442137 (hardcover)
020 ## - INTERNATIONAL STANDARD BOOK NUMBER
International Standard Book Number 9780829442175 (pbk.)
020 ## - INTERNATIONAL STANDARD BOOK NUMBER
International Standard Book Number 9780829442144 (ebk.)
040 ## - CATALOGING SOURCE
Original cataloging agency DLC
Language of cataloging eng
Description conventions rda
Transcribing agency DLC
042 ## - AUTHENTICATION CODE
Authentication code pcc
300 ## - PHYSICAL DESCRIPTION
Dimensions 23cm.
100 1# - MAIN ENTRY--PERSONAL NAME
Personal name Pique, Elisabetta.
9 (RLIN) 13775
245 10 - TITLE STATEMENT
Title Pope Francis :
Remainder of title life and revolution /
Statement of responsibility, etc Elisabetta Pique.
250 ## - EDITION STATEMENT
Edition statement English edition.
260 ## - PUBLICATION, DISTRIBUTION, ETC. (IMPRINT)
Place of publication, distribution, etc Chicago
Name of publisher, distributor, etc Loyola Press
Date of publication, distribution, etc 2014
263 ## - PROJECTED PUBLICATION DATE
Projected publication date 1410
300 ## - PHYSICAL DESCRIPTION
Extent xii, 312p. ;
600 ## - SUBJECT ADDED ENTRY--PERSONAL NAME
Personal name Francis 1
9 (RLIN) 13776
906 ## - LOCAL DATA ELEMENT F, LDF (RLIN)
a 0
b ibc
c orignew
d 2
e epcn
f 20
g y-gencatlg
942 ## - ADDED ENTRY ELEMENTS (KOHA)
Source of classification or shelving scheme Library of Congress Classification
Koha item type Monograph ( Printed materials)
Koha issues (borrowed), all copies 2
Holdings
Withdrawn status Lost status Source of classification or shelving scheme Damaged status Not for loan Collection code Home library Current library Shelving location Date acquired Total Checkouts Full call number Barcode Date last seen Date checked out Price effective from Koha item type
    Library of Congress Classification     Main Collection ARRUPE LIBRARY ARRUPE LIBRARY Main Collection 13/01/2015 4 BX1378.7.P666 2014 46500003344 22/11/2017 09/08/2017 13/01/2015 Monograph ( Printed materials)

 

Arrupe Library. PO Box MP320 Mt Pleasant, Harare, Zimbabwe
263 242 745411|librarian@aju.ac.zw